7 Państw Które Najwięcej Razy Wygrały Mundial - Statystyki

Ogólne statystyki
  • Ten quiz został rozwiązany 131 razy
  • Średni wynik to 7 z 7
Statystyki odpowiedzi
Hint Odpowiedź % Poprawnych
3 Argentyna
99%
5 Brazylia
99%
2 Francja
97%
4 Niemcy
96%
4 Włochy
93%
2 Urugwaj
90%
1 Anglia
86%
Nie znaleziono quizów pasujących do podanych kryteriów
Rozkład punktacji
Procent ludzi z każdym wynikiem
Percentyl według liczby udzielonych odpowiedzi
Twoja historia wyników
Nie rozwiązałeś tego quizu